| 000 | 01072cam a22002535a 4500 | ||
|---|---|---|---|
| 001 | L158309 | ||
| 008 | 141204s2014 xxk f 000 0 eng d | ||
| 020 | _a9781474112062 | ||
| 035 | _a(Sirsi) u158309 | ||
| 041 | 0 | _aeng | |
| 110 | 2 |
_aUnited Kingdom _bHM Treasury |
|
| 245 | 0 | 0 |
_aAutumn Statement 2014 _h[electronic resource] |
| 260 |
_aLondon _bStationery Office _c2014 |
||
| 520 | _aKey measures include reforming Stamp Duty Land Tax so that tax is only paid on part of the property price paid on £125, 000 or over, business rates will be cut and capped and additional funding for infrastructure for road improvement schemes and flooding and coastal relief schemes. | ||
| 590 | _aKA | ||
| 650 | 2 | 4 | _aAUTUMN STATEMENT 2014 |
| 650 | 2 | 4 | _aSTAMP DUTY LAND TAX |
| 650 | 2 | 4 | _aBUSINESS RATES |
| 651 | 4 |
_aUnited Kingdom _y |
|
| 690 | _aFinance and taxation | ||
| 690 |
_aInfrastructure _96246 |
||
| 856 | 4 | 0 |
_uhttps://www.gov.uk/government/news/autumn-statement-2014-16-things-you-should-know _zView the item free of charge from the www.gov.uk website |
| 942 | _n0 | ||
| 999 |
_c115258 _d115258 |
||